000 00740 a2200193 4500
005 20080825122658.0
008 080825t xxu||||| |||| 00| 0 eng d
010 _aENG-87119
020 _c250.00
_a81-7564-051-0
035 _aEN-70652
037 _bDBAD / PUB
082 _a483.1
245 _aDictionary of idioms & phrases
_ccompiled by Sudesh Puri
260 _aDelhi
_bSahni Publications
_c2007
270 _a4777, Mitra Gali, Roshanara Road,
_e110 007
_k23822006, 23820751
300 _a352 p.
_c21 cm ( Hb.)
942 _adpl
_cEN
_k483.1 / DIC
_2ddc
_h483.1
_mDIC
999 _c6034
_d6034